00653 2200241 4500001002100000005001700021008004100038035002400079082001100103090001800114100001700132245007300149260002800222300002500250500003800275650001500313700002300328850000900351985000600360999001500366999001500381999001500396YOGYA-0209000007287520090227093649.0 ind  0010-020900000072875 a612.12 a612.12bBul K aBULL, Ekanor aKolesterolcEkanor Bull;Jonathan Morrel;penerjemah,Elizabeth Yasmine aJakartabErlanggac2007 a132 hlmbilusc20 cm aJudulasli:Simple guide cholestrol aKolesterol aYasmine, Elizabeth aBPAD a3 a08P0001602 a08P0001603 a08P0001604